Cuối mùa mưa : Tập truyện ngắn

Saved in:
Bibliographic Details
Main Author: Nông, Quốc Lập
Format: Book
Language:Undetermined
Published: Hà Nội Hội Nhà văn 2019
Subjects:
Tags: Add Tag
No Tags, Be the first to tag this record!
Institutions: Trung tâm Học liệu Trường Đại học Cần Thơ
LEADER 00626nam a2200205Ia 4500
001 CTU_235643
008 210402s9999 xx 000 0 und d
082 |a 895.92234 
082 |b L123 
100 |a Nông, Quốc Lập 
245 0 |a Cuối mùa mưa : 
245 0 |b Tập truyện ngắn 
245 0 |c Nông Quốc Lập 
260 |a Hà Nội 
260 |b Hội Nhà văn 
260 |c 2019 
650 |a Truyện ngắn, Việt Nam,Short stories, Vietnamese 
650 |y Thế kỷ 21,21st century 
910 |b dqhieu 
980 |a Trung tâm Học liệu Trường Đại học Cần Thơ